000 00330nam a2200133Ia 4500
008 210210b1976 xxu||||| |||| 00| 0 eng d
082 _a320.55 SHRI
100 _aSHRIMAN NARAYAN.
245 _aIndia needs gandhi.
260 _aND
_bS. Chand & Co. Ltd.
_c1976
300 _avi,150
690 _aPolitical Thought
906 _a034141
999 _c84937
_d84937